| 000 | nam a22 7a 4500 | ||
|---|---|---|---|
| 999 |
_c330483 _d330483 |
||
| 003 | NUST | ||
| 005 | 20170717170002.0 | ||
| 008 | 170717b xxu||||| |||| 00| 0 eng d | ||
| 020 | _a9780070617889 | ||
| 040 | _c0 | ||
| 082 | _a620.5 PRA | ||
| 100 |
_aPradeep,T _93341 |
||
| 245 |
_aNANO The Essentials: _bUnderstanding Nanoscience and Nanotechnology _cT.Pradeep |
||
| 260 |
_aNew Delhi _bMcGraw-Hill _c2007 |
||
| 300 | _a444p. | ||
| 500 | _aP.B | ||
| 942 |
_2ddc _cBK _kIESE |
||